Paroles : Tout savoir - Adé - Statistiques

Statistiques générales
  • Ce quiz a été pris 7 fois
  • Le résultat moyen est 196 sur 339
Statistiques - réponses
Réponse % Correct
je
100%
Je
100%
le
100%
savoir
100%
tout
100%
a
83%
à
83%
dans
83%
de
83%
De
83%
des
83%
Et
83%
et
83%
la
83%
les
83%
noir
83%
un
83%
voir
83%
J'ai
67%
On
67%
Tes
67%
tes
67%
Y
67%
ça
50%
Ça
50%
Car
50%
C'est
50%
c'est
50%
chance
50%
déjà
50%
encore,
50%
encore
50%
être
50%
J'en
50%
J'voudrais
50%
maintenant
50%
Mais
50%
pas
50%
quand
50%
Que
50%
que
50%
suis
50%
toi
50%
Ton
50%
veux
50%
vois
50%
vois,
50%
accords
33%
aime
33%
allonge-
33%
analyse
33%
bien
33%
capturer
33%
cassé
33%
ceux
33%
changé
33%
change,
33%
choix
33%
ch'veux
33%
comprendre
33%
comprends
33%
confiance
33%
couru,
33%
crois
33%
d'avant
33%
d'bons
33%
derrière
33%
dirais
33%
dors,
33%
évite
33%
fais-
33%
fait
33%
grâce
33%
grandi
33%
histoires
33%
jamais
33%
J'arrive
33%
J'me
33%
j'me
33%
laissé
33%
maladroits
33%
marché,
33%
même
33%
moi-
33%
moi
33%
moments
33%
ne
33%
nuit
33%
ont
33%
pansements
33%
personnage
33%
peu
33%
peu,
33%
peur
33%
peut-
33%
plus
33%
Pourquoi
33%
pourquoi
33%
poussé,
33%
qu'avant,
33%
quelquefois
33%
qu'on
33%
Raconte,
33%
reconnais
33%
rêve
33%
si
33%
sourire
33%
Sur
33%
ta
33%
t'aime
33%
tant
33%
T'as
33%
t'as
33%
tellement
33%
tête
33%
Tu
33%
vienne
33%
vole
33%
joies
17%
mes
17%
Aucun quiz correspondant
Distribution des résultats
% des personnes avec chaque résultat
Percentile par nombre de réponses
Votre historique - résultats
Vous n’avez pas pris ce quiz